<?xml version="1.0" encoding="UTF-8"?>
<marc:record xmlns:marc="http://www.loc.gov/MARC21/slim">
   <marc:leader>00000nam a2200000 a 4500</marc:leader>
   <marc:datafield ind1="1" ind2=" " tag="100">
      <marc:subfield code="a">Fischer, Elisabeth</marc:subfield>
      <marc:subfield code="4">aut</marc:subfield>
      <marc:subfield code="e">Verfasser/-in</marc:subfield>
   </marc:datafield>
   <marc:datafield ind1="0" ind2="0" tag="245">
      <marc:subfield code="a">Heilsames Basenfasten - Genießen, entschlacken und schlank werden</marc:subfield>
   </marc:datafield>
   <marc:datafield ind1="0" ind2="0" tag="245">
      <marc:subfield code="b">Mit 120 Rezepten</marc:subfield>
   </marc:datafield>
   <marc:datafield ind1="0" ind2="0" tag="245">
      <marc:subfield code="c">Elisabeth Fischer</marc:subfield>
   </marc:datafield>
   <marc:datafield ind1=" " ind2="1" tag="264">
      <marc:subfield code="a">Augsburg</marc:subfield>
      <marc:subfield code="b">Weltbild GmbH</marc:subfield>
      <marc:subfield code="c">2013</marc:subfield>
   </marc:datafield>
   <marc:datafield ind1="1" ind2=" " tag="520">
      <marc:subfield code="a">Dieses Buch führt in das &#x84;Heilsame Basenfasten&#x93; ein. Es zeigt, wie wichtig es für die schlanke Linie und für unsere Gesundheit im Allgemeinen ist, auf eine ausgeglichene Säure-Basen-Balance in der Ernährung zu achten. Eine bewusste Auswahl pflanzlicher Lebensmittel gleicht eine latente Übersäuerung aus und steigert die Fettverbrennung. Die Gerichte wecken den Appetit auf eine dauerhafte Änderung der Essgewohnheiten und verhindern den gefürchteten Jo-Jo-Effekt. Sie sorgen binnen einer Woche für zwei bis vier Kilo weniger auf der Waage. (Verl.txt)</marc:subfield>
   </marc:datafield>
   <marc:datafield ind1=" " ind2=" " tag="020">
      <marc:subfield code="a">9783828943315</marc:subfield>
      <marc:subfield code="9">9783828943315</marc:subfield>
   </marc:datafield>
   <marc:datafield ind1=" " ind2=" " tag="020">
      <marc:subfield code="a">3828943314</marc:subfield>
      <marc:subfield code="9">3828943314</marc:subfield>
   </marc:datafield>
   <marc:datafield ind1=" " ind2=" " tag="500">
      <marc:subfield code="a">Zahlr. ill.</marc:subfield>
   </marc:datafield>
   <marc:datafield ind1=" " ind2=" " tag="300">
      <marc:subfield code="a">129 S.</marc:subfield>
   </marc:datafield>
</marc:record>
